000 00584nam a2200193Ia 4500
003 GCL
008 140319s9999 xx 000 0 ara d
020 _a6017344977
040 _aGCL /
_cGCL
082 0 4 _a413
_bا ت
100 1 _aاحمد تيمور باشا
245 1 0 _aتصحيح لسان العرب /
_cاحمد تيمور باشا
250 _aالاولى
260 _aالقاهرة :
_bدار الافاق العربية ،
_c2002
300 _a140 ص ؛
_c24 سم
650 0 4 _aالمعاجم
650 0 4 _aاللغة العربية - معاجم
942 _2ddc
_cBK
999 _c5316
_d5316